Catàleg del Col·legi de Periodistes de Catalunya

A prop! comunicació (Registre núm. 6647)

000 -CABECERA
Longitud fija campo de control 00932nas a22002537a 4500
003 - IDENTIFICADOR DEL NÚMERO DE CONTROL
Identificador del número de control OSt
005 - FECHA Y HORA DE LA ÚLTIMA TRANSACCIÓN
Fecha y hora de la última transacción 20181016123515.0
008 - CÓDIGOS DE INFORMACIÓN DE LONGITUD FIJA
Códigos de información de longitud fija 131024d2002 spc||||| |||| 00| 0 spc d
024 ## - OTROS IDENTIFICADORES NORMALIZADOS
Fuente del número o código DL
Número normalizado o código B- 7361-2002
040 ## - FUENTE DE LA CATALOGACIÓN
Centro transcriptor CDMR
Lengua de catalogación cat
245 00 - MENCIÓN DE TÍTULO
Título A prop! comunicació
Resto del título : revista de comunicació de proximitat
246 33 - VARIANTES DE TÍTULO
Título propio / Título en breve A prop!
260 ## - PUBLICACIÓN, DISTRIBUCIÓN, ETC. (PIE DE IMPRENTA)
Lugar de publicación, distribución, etc. Barcelona
Nombre del editor, distribuidor, etc. Taula de Comunicació de Barcelona
Fecha de publicación, distribución, etc. 2002 - 2011
310 ## - PERIODICIDAD ACTUAL
Periodicidad actual irregular
362 ## - FECHAS DE PUBLICACIÓN Y/O DESIGNACIÓN SECUENCIAL
Fecha de publicación y/o designación secuencial Núm. 1 (maig 2002) - núm. 24 (nov. 2011)
500 ## - NOTA GENERAL
Nota general Núm. preliminar: Núm. 0 (gen./març 2002)
650 04 - PUNTO DE ACCESO ADICIONAL DE MATERIA - TÉRMINO DE MATERIA
9 (RLIN) 1509
Término de materia o nombre geográfico como elemento inicial Premsa
Subdivisión geográfica Barcelona
Subdivisión de forma Revistes
650 04 - PUNTO DE ACCESO ADICIONAL DE MATERIA - TÉRMINO DE MATERIA
9 (RLIN) 4588
Término de materia o nombre geográfico como elemento inicial Televisió
Subdivisión geográfica Barcelona
Subdivisión de forma Revistes
650 04 - PUNTO DE ACCESO ADICIONAL DE MATERIA - TÉRMINO DE MATERIA
9 (RLIN) 4596
Término de materia o nombre geográfico como elemento inicial Ràdio
Subdivisión geográfica Barcelona
Subdivisión de forma Revistes
650 04 - PUNTO DE ACCESO ADICIONAL DE MATERIA - TÉRMINO DE MATERIA
9 (RLIN) 4580
Término de materia o nombre geográfico como elemento inicial Butlletins d'informació
710 2# - PUNTO DE ACCESO ADICIONAL - NOMBRE DE ENTIDAD
9 (RLIN) 3754
Nombre de entidad o nombre de jurisdicción como elemento inicial Taula de Comunicació de Barcelona
942 ## - ENTRADA DE ELEMENTOS AGREGADOS (KOHA)
Fuente de clasificaión o esquema
Koha [por defecto] tipo de item Publicacions periòdiques
Fons
Suprimido Perdido Estropeado No para préstamo Localización permanente Localización actual Fecha adquisición Fuente de adquisición Serie de enumeración / cronología Préstamos totales Fecha última consulta Fecha del precio de reemplazo Tipo de item de Koha
        Centre de Documentació Montserrat Roig Centre de Documentació Montserrat Roig 2013-12-03 Donació Núm. 1 (maig 2002) - núm. 24 (nov 2011)   2013-12-03 2013-12-03 Publicacions periòdiques en línia

Implantat amb Koha